000 00444nam a22001937a 4500
003 OSt
005 20180116183024.0
008 151203b xxu||||| |||| 00| 0 eng d
020 _a9780708853399
040 _c0
082 _a813.54 SAV 1991
100 _aAlan Savage
245 _aMoghul
_cAlan Savage
260 _aLondon
_bWarner Books
_c1991
300 _a553 p.
_bPB
440 _aMoghul
600 _aAlan Savage
942 _2ddc
_cBK
999 _c350732
_d350732